[Event "FRA-ch U16 Girls"]
[Site "Aix les Bains"]
[Date "2006.??.??"]
[Round "6"]
[White "Labise, Ophelie"]
[Black "Genzling, Sylvie"]
[Result "0-1"]
[WhiteElo "1420"]
[BlackElo "1924"]
[PlyCount "72"]
[EventDate "2006.04.16"]
[EventType "swiss"]
[EventRounds "9"]
[EventCountry "FRA"]
[SourceTitle "EXT 2007"]
[Source "ChessBase"]
[SourceDate "2006.11.23"]
[SourceVersion "1"]
[SourceVersionDate "2006.11.23"]
[SourceQuality "1"]

1. d4 d5 2. c4 e6 3. Nc3 c5 4. cxd5 exd5 5. Nf3 Nc6 6. g3 c4 7. Bg2 Bb4 8. 0-0 Nge7 9. a3 Ba5 10. Bd2 0-0 11. e3 Bf5 12. Ne2 Bc7 13. Rc1 Qd7 14. b3 b5 15. Ne1 Rab8 16. f3 Bb6 17. Kh1 Be6 18. g4 Qd6 19. b4 a5 20. Nc2 Ng6 21. Bc3 Qd8 22. h3 f5 23. Qe1 Bc7 24. Rg1 Qd6 25. f4 fxg4 26. hxg4 Bxg4 27. Rf1 Rf5 28. Kg1 Bxe2 29. Qxe2 Rbf8 30. Bh3 R5f6 31. Ne1 Nh4 32. Ng2 Nxg2 33. Bxg2 axb4 34. axb4 Re8 35. Rf3 Qe7 36. Kf2 Bxf4 0-1

[Event "FRA-ch U16 Girls"]
[Site "Aix les Bains"]
[Date "2006.??.??"]
[Round "5"]
[White "Lefebvre, Stephane"]
[Black "Labise, Ophelie"]
[Result "1/2-1/2"]
[WhiteElo "1650"]
[BlackElo "1420"]
[PlyCount "109"]
[EventDate "2006.04.16"]
[EventType "swiss"]
[EventRounds "9"]
[EventCountry "FRA"]
[SourceTitle "EXT 2007"]
[Source "ChessBase"]
[SourceDate "2006.11.23"]
[SourceVersion "1"]
[SourceVersionDate "2006.11.23"]
[SourceQuality "1"]

1. e4 c5 2. Nf3 Nc6 3. c3 d5 4. exd5 Qxd5 5. d4 cxd4 6. cxd4 g6 7. Nc3 Qd8 8. Bf4 a6 9. Be2 Nf6 10. d5 Na7 11. 0-0 Bg7 12. Rc1 0-0 13. Qb3 b5 14. Rfd1 Nd7 15. Ne4 Bb7 16. Nc5 Nxc5 17. Rxc5 Rc8 18. Rxc8 Nxc8 19. a4 Nb6 20. axb5 Bxd5 21. Qb4 axb5 22. Be3 e6 23. Bc5 Re8 24. Qxb5 Nd7 25. b4 Nxc5 26. Qxc5 Qc8 27. Rc1 Qxc5 28. Rxc5 Rb8 29. b5 Kf8 30. Kf1 Ke8 31. Rc7 Bf8 32. Ke1 Bd6 33. Rc2 Kd7 34. Rb2 Kc7 35. g3 h5 36. Kd2 Kb6 37. Nd4 Rc8 38. f4 Rc7 39. Nf3 Rc8 40. Ne5 Rc7 41. Rc2 Bb4+ 42. Kc1 Ba3+ 43. Kb1 Be4 44. Bd3 Bxd3 45. Nxd3 Rxc2 46. Kxc2 Kxb5 47. Ne5 f6 48. Nxg6 Kc5 49. Kd3 Kd5 50. h3 e5 51. fxe5 fxe5 52. g4 hxg4 53. hxg4 e4+ 54. Ke2 Bc1 55. Ne7+ 1/2-1/2

[Event "FRA-ch U12 Girls"]
[Site "Hyeres"]
[Date "2002.??.??"]
[Round "3.9"]
[White "Smara, Lydia"]
[Black "Labise, Ophelie"]
[Result "1-0"]
[WhiteElo "1530"]
[BlackElo "1099"]
[PlyCount "107"]
[EventDate "2002.04.05"]
[EventType "swiss"]
[EventRounds "9"]
[EventCountry "FRA"]
[SourceTitle "EXT 2003"]
[Source "ChessBase"]
[SourceDate "2002.11.25"]
[SourceVersion "1"]
[SourceVersionDate "2002.11.25"]
[SourceQuality "1"]

1. e4 e5 2. Nf3 Nc6 3. Bc4 Be7 4. 0-0 Nf6 5. d3 0-0 6. Nc3 b6 7. Bg5 Bb7 8. a3 Ng4 9. Be3 Bh4 10. h3 Nxe3 11. fxe3 Na5 12. Ba2 Kh8 13. b4 Nc6 14. Nh2 Bg3 15. Qg4 Qh4 16. Qxh4 Bxh4 17. Rxf7 Rxf7 18. Bxf7 Rf8 19. Rf1 Bg3 20. Rf3 Bxh2+ 21. Kxh2 g6 22. Bd5 Rxf3 23. gxf3 Kg7 24. Nb5 Kf6 25. Kg3 a5 26. bxa5 bxa5 27. Nxc7 Ke7 28. Kg4 Kd6 29. Nb5+ Kc5 30. Nc3 Bc8 31. Na4+ Kd6 32. Kg5 Kc7 33. Kh6 d6 34. h4 Ne7 35. Bb3 Kd8 36. Bf7 Bd7 37. Nb6 Nc8 38. Nxc8 Kxc8 39. Kxh7 Ba4 40. Kxg6 Bxc2 41. h5 Bxd3 42. h6 Be2 43. h7 Bxf3 44. h8Q+ Kd7 45. Qh3+ Kc6 46. Qxf3 Kb5 47. Qd1 a4 48. Qd5+ Ka6 49. Qc4+ Ka5 50. Be8 Kb6 51. Qb5+ Kc7 52. Qc6+ Kb8 53. Qd7 Ka8 54. Kf6 1-0